000 00667cab a2200241 4500
001 ABS51191
008 090401t1994 xxu||||| |||| 00| 0 eng d
035 _a(Sirsi) u14336
041 _aeng
100 _aCannon, J.
245 _aLong-range forecast good
260 _c1994
350 _a0
490 _aBuilding Market Report
_vAugust 1994, 2-4(3)
520 _aReports on the latest construction forecasts, which suggest that output will increase momentum to 1996.
650 _aCONSTRUCTION INDUSTRY
650 _aCONSTRUCTION MARKET
650 _aFORECASTS
650 _aOUTPUT
690 _aBUILT ENVIRONMENT
942 _n0
948 _c04/03/1997
999 _c9324
_d9324